Normal view
MARC view
- SOCIAL SCIENCE / Social Classes & Economic Disparity
Entry Topical Term
001 - CONTROL NUMBER
- control field: 81960
003 - CONTROL NUMBER IDENTIFIER
- control field: NUST
005 - DATE AND TIME OF LATEST TRANSACTION
- control field: 20210831182503.0
008 - FIXED-LENGTH DATA ELEMENTS
- fixed length control field: 210831|| aca||aabn | a|a d
040 ## - CATALOGING SOURCE
- Original cataloging agency: NUST
- Transcribing agency: NUST
150 ## - HEADING--TOPICAL TERM
- Topical term or geographic name entry element: SOCIAL SCIENCE / Social Classes & Economic Disparity
670 ## - SOURCE DATA FOUND
- Source citation: Work cat.: (NUST)0: Banerjee, Abhijit V., 1961- author. 81959, Good economics for hard times /, 2020
